000 00331nam a22001457a 4500
008 210506b ||||| |||| 00| 0 eng d
020 _a0879931426
041 _aeng
080 _a616.12
082 _a616.12
100 _a7
101 _aKARDIO
245 _aClinical Cardiology and Diabetes
_cRalph C. Scott
942 _2udc
_cBK
999 _c57083
_d57083